000 00829nam a2200229 a 4500
001 BRCA_4501
005 20190320204708.0
008 140910s1905----fr-#######---#000-0#fre-#
041 _afre
044 _afr
050 4 _aN5265
_b.G84 1905
100 1 _aGuédy, Théodore
_911401
245 1 0 _aManuel Pratique du Collectionneur de Tableaux
_bComprenant Les Principales Ventes des XVIIIe, XIXe siècles jusqu´á nos jours, des oeuvres des peintres de toutes les écoles
_cpar Théodore Guédy.
260 _aParís
_b[Officier de I´Instruction Publique]
_c[1905]
300 _a148 p.
_c23 cm.
500 _aIncluye firmas y monogramas
500 _aEstado físico: Encuadernación desprendida, deteriorada y rota
500 _aCG10
650 1 4 _aColecciones
_xRetablos y pinturas
_911402
902 _aGFM
942 _2lcc
_cB
999 _c4207
_d4207